000 00791nam a2200217Ii 4500
003 JO-AjNU
008 230605s9999||||xx |||||||||||||| ||und||
017 _a2000/2/213
040 _aJO-AjNU
_bara
_erda
_cJO-AjNU
041 _aara
050 1 4 _aLA1493 .7 .F3745 2000
100 3 _aفرحان، أسحاق أحمد,
_eauthor
_952113
245 0 0 _aأزمة التربية في الوطن العربي
250 _aط2
264 3 1 _aعمان: دار الفرقان للنشر والتوزيع،2000
300 _a72ص
336 _atext
_btxt
_2rdacontent
337 _aunmediated
_bn
_2rdamedia
338 _avolume
_bnc
_2rdacarrier
650 4 _aالتعليم - البلاد العربية - الاسلام والتعليم - الاسلام والاصلاح التعليمي
_952114
999 _aA23065
_c26633
_d26633